00000000nam##2200000za#4500
0019.605124
003CaOODSP
00520210624211945
007cr |||||||||||
008150406|2008||||xxc|||||o    f|0| 0 fre|d
040 |aCaOODSP|bfre
043 |an-cn---
0861 |aTU3-5/08-32F-PDF
1102 |aBureau de la sécurité des transports du Canada.
24510|aVol dans des conditions météorologiques défavorables au vol à vue et atterrissage forcé du DHC-2 MK1 C-FYNT exploité par Club César (1993) inc. à 27 nm au sud-ouest de Parent (Québec) le 23 septembre 2008 |h[ressource électronique]
260 |aGatineau - Québec : |bBureau de la sécurité des transports du Canada |c[2008].
300 |a11p.|bcartes
4901 |aRapport d'enquête aéronautique |vA08Q0187
590 |a13-02-Supp|b2013-01-11
77508|tVisual flight rules - Flight into adverse weather and forced landing, DHC-2 MK1 C-FYNT Club César (1993) Inc. Parent, Quebec, 27 nm SW, 23 September 2008 |w(CaOODSP)9.575630
830#0|aRapport d'enquête aéronautique ;|vA08Q0187|w(CaOODSP)9.501229
85640|ahttp://publications.gc.ca|qPDF|s500 Ko|uhttps://publications.gc.ca/collections/collection_2012/bst-tsb/TU3-5-08-32-fra.pdf|yA08Q0187